00299nam a2200121Ia 4500008004100000100001200041245004300053260003400096300000900130650001400139942000700153999001700160190216s9999||||xx |||||||||||||| ||und|| aNambiar 0aIndiyilae Pradhana Paroksha Nikudhikal bKerala Bhasha Institutec1974 a105p aEconomics cBK c38739d38739